All Spongebob Games - Statistics

General Stats
  • This quiz has been taken 11 times
  • The average score is 7 of 30
Answer Stats
Hint Answer % Correct
2003 Battle for Bikini Bottom
83%
2020 Battle for Bikini Bottom: Rehydrated
50%
2006 Creature from the Krusty Krab
50%
2007 SpongeBob's Atlantis SquarePantis
50%
2009 SpongeBob's Truth or Square
50%
2004 The SpongeBob SquarePants Movie
50%
2025 Titans of the Tide
50%
2002 Revenge of the Flying Dutchman
33%
2023 SpongeBob: Krusty Cook-Off
33%
2023 The Cosmic Shake
33%
2002 Employee of the Month
17%
2001 Legend of the Lost Spatula
17%
2005 Lights, Camera, Pants!
17%
2013 Plankton's Robotic Revenge
17%
2011 SpongeBob and the Clash of Triton
17%
2015 SpongeBob HeroPants
17%
2010 SpongeBob's Boating Bash
17%
2004 SpongeBob SquarePants Typing
17%
2011 SpongeBob SquigglePants
17%
2011 SpongeBob's Surf & Skate Roadtrip
17%
2009 SpongeBob vs. The Big One: Beach Party Cook-Off
17%
2001 SuperSponge
17%
2005 The Yellow Avenger
17%
2007 Underpants Slam!
17%
2008 Drawn to Life: SpongeBob SquarePants Edition
0%
2006 Nighty Nightmare
0%
2001 Operation Krabby Patty
0%
2004 SpongeBob's Krusty Krab Adventures
0%
2011 SpongeBob SquarePants Tooncast Studio
0%
2024 The Patrick Star Game
0%
No matching quizzes found
Score Distribution
Percent of People with Each Score
Percentile by Number Answered
Your Score History
You have not taken this quiz